000 00455nam a2200169Ia 4500
008 230917s9999||||xx |||||||||||||| ||und||
020 _cRS 399.00
040 _e5005642
_aMAIN
041 _aEnglish
082 _a005.8 B469F
100 _aBhushan, Mayank
245 0 _aFundamental of cyber security
260 _aNew Delhi
_bBPB Publications
_c2017
300 _axvi, 211 p.
500 _a4565 12/09/2022 HBD22/9450 04/11/2022 Main Budget
942 _cBK
999 _c5702
_d5702